000 00996cad a22002295a 4500
001 L145961
008 081126s2008 xxkad f s 000 0 eng d
035 _a(Sirsi) u145961
041 0 _aeng
050 0 4 _a333.33 $2 18
110 2 _aInvestment Property Databank
_92288
245 0 0 _aIPD UK monthly property index
_bend October 2008
_h[electronic resource]
260 _aLondon
_bIPD
_c2008
490 0 _aIPD UK Monthly Property Index
_vOctober 2008
520 _aReports that the Index showed All Property total returns falling to -3.8% at the end of October 2008. Rental value growth fell across all sectors for a sixth consecutive month.
590 _aKA NTK
650 2 4 _aIPD UK MONTHLY PROPERTY INDEX
651 4 _aUnited Kingdom
_y
690 _aPROPERTY-COMMERCIAL PROPERTY-COMMERCIAL PROPERTY MARKET
856 4 0 _uhttps://www.ipd.com/OurProducts/Indices/UnitedKingdom/UKMonthly/tabid/921/Default.aspx
_zView this report free of charge under indices at www.ipd.com...
942 _n0
999 _c108988
_d108988